ბათუმის შოთა რუსთაველის სახელმწიფო უნივერსიტეტის ბიბლიოთეკა

Wind turbine technology / (ბიბ.ჩანაწერი № 58180)

000 -LEADER
fixed length control field 00657cam a22002057a 4500
001 - CONTROL NUMBER
control field 16936964
005 - DATE AND TIME OF LATEST TRANSACTION
control field 20221114122757.0
008 - FIXED-LENGTH DATA ELEMENTS--GENERAL INFORMATION
fixed length control field 110826s2012 nyua 001 0 eng d
020 ## - INTERNATIONAL STANDARD BOOK NUMBER
International Standard Book Number 9781435486461x
041 ## - LANGUAGE CODE
Language code of text/sound track or separate title eng
080 ## - UNIVERSAL DECIMAL CLASSIFICATION NUMBER
Universal Decimal Classification number 621.311.245 H-53
100 1# - MAIN ENTRY--PERSONAL NAME
Personal name Hemami, A.
9 (RLIN) 12344
245 10 - TITLE STATEMENT
Title Wind turbine technology /
Statement of responsibility, etc. Ahmad Hemami.
264 ## - PRODUCTION, PUBLICATION, DISTRIBUTION, MANUFACTURE, AND COPYRIGHT NOTICE
Place of production, publication, distribution, manufacture Clifton Park, NY :
Name of producer, publisher, distributor, manufacturer Delmar, Cengage Learning,
Date of production, publication, distribution, manufacture, or copyright notice 2012.
300 ## - PHYSICAL DESCRIPTION
Extent 400 p. :
Other physical details ill. ;
Dimensions 24 cm.
653 ## - INDEX TERM--UNCONTROLLED
keyword Wind Turbine Technology
653 ## - INDEX TERM--UNCONTROLLED
keyword ქარის ტურბინის ტექნოლოგია
653 ## - INDEX TERM--UNCONTROLLED
keyword Технология ветротурбины
942 ## - ADDED ENTRY ELEMENTS (KOHA)
Source of classification or shelving scheme
Koha item type წიგნი
ეგზემპლარები
Withdrawn status Lost status Source of classification or shelving scheme Damaged status Not for loan Permanent Location Current Location Shelving location Date acquired Cost, normal purchase price Serial Enumeration / chronology Inventory number Full call number Date last seen Price effective from Koha item type Public note
          ბათუმის შოთა რუსთაველის სახელმწიფო უნივერსიტეტის მთავარი ბიბლიოთეკა ბათუმის შოთა რუსთაველის სახელმწიფო უნივერსიტეტის მთავარი ბიბლიოთეკა წიგნსაცავი 2021-07-31 123.00 55238 55238 621.311.245 H-53 2021-07-31 2021-07-31 წიგნი 123.00 GEL.